The International law on Subsidies, the WTO and Developing Countries

Detalles Bibliográficos
Autor principal: Mugenyi, Asa
Formato: eBook
Lenguaje:inglés
Publicado: Londres: Lambert Academic Publishing, 2019
Materias:
Acceso en línea:Acceso restringido

MARC

LEADER 00000nam a22000007a 4500
005 20190918225549.0
007 cr|||| ||||
008 190918s2019 uk |||||s|||| 00||0 eng d
020 |a 9786139461127 
035 |a 29044 
040 |a vLex 
090 |c 9568  |d 9568 
100 1 |a Mugenyi, Asa 
245 1 3 |a The International law on Subsidies, the WTO and Developing Countries  |h [Recurso electrn̤ico] /  |c Asa Mugenyi 
256 |a Servicio en ln̕ea 
260 |a Londres:  |b Lambert Academic Publishing,  |c 2019 
300 |a 1 recurso electrn̤ico 
500 |a One of the objectives of the WTO is to ensure that developing countries secure a share in the growth of international trade commensurate with the needs of their economic development. In order to achieve this, the WTO has been a forum where the Member states negotiate agreements aimed at reducing obstacles to international trade and ensuring a level playing field for, all thus contributing to economic to economic growth and development. Among the agreements the WTO has made are those in respect to the rules governing the use of subsidies. While the rules on subsidies have aimed at promoting free trade with the intention of allowing competition, it is doubtable whether this has helped developing countries. In order for developing countries to benefit from international trade they require a level playing field. In order to benefit from a level playing field the members should be equal. Developing countries requires rules on subsidies that would promote fair and not free trade. In this study we address the issue whether the rules on subsidies promote fair trade for developing countries in order to unlock the benefits of international trade 
506 1 |a Disponible solo en los productos indicados  |d vLex Global  |d vLex Global (Academic Edition, excluding Law Schools)  |d vLex Global (U.S. Academic Edition, Law Schools)  |d vLex Global (U.S. Academic Edition, excluding Law Schools)  |d vLex Global (Academic Edition, Law Schools) 
650 0 4 |a Derecho Pb︢lico y Administrativo  |z Inglaterra 
740 0 |a vLex Libros (Servicio en ln̕ea) 
856 4 0 |u http://vlex.com/source/29044  |z Acceso restringido 
942 |c BOOK 
999 0 |a Public and Administrative Law